Biblioteca

El hombre. Dios para pensar / Adophe Gesché ; traducido por Mario Sala (Registro nro. 32256)

Detalles MARC
000 -LÍDER
Campo fijo de descripción fija 009460000a22002410004500
020 ## - NÚMERO INTERNACIONAL NORMALIZADO PARA LIBROS
Número Internacional Normalizado del libro 978-84301-1252-4
082 04 - NÚMERO DE CLASIFICACIÓN DECIMAL DEWEY
Número de clasificación G 233 G3892h
001 - NÚMERO DE CONTROL
Campo de control 821
100 1# - ASIENTO PRINCIPAL--NOMBRE PERSONAL
Nombre personal Gesché, Adolphe (1928 - 2003)
245 10 - TÍTULO
Título del Material El hombre. Dios para pensar / Adophe Gesché ; traducido por Mario Sala
250 ## - MENCIÓN DE EDICIÓN
Mención de edición 2
260 ## - PUBLICACIÓN, DISTRIBUCIÓN, ETC. (PIE DE IMPRENTA)
Lugar de publicación, distribución, etc. Salamanca, España : Sígueme
300 ## - DESCRIPCIÓN FÍSICA
Extensión 2 vol.,172 p.,
336 ## - CONTENT TYPE
Content type term texto
Content type code txt
Source rdacontent
337 ## - MEDIA TYPE
Source rdamedia
Media type term sin mediación
Media type code n
338 ## - CARRIER TYPE
Source rdacarrier
Carrier type term volumen
Carrier type code nc
500 ## - NOTA GENERAL
Nota General Título original en francés: Dieu pour penser II. L'homme \ Incluye índice de nombres e índice general
501 ## - NOTA DE “CON”
Nota de Contenido rústico
505 00 - NOTA DE CONTENIDO
Nota de contenido con formato preestablecido El hombre y su enigma -- La teología como discurso sobre el hombre -- El hombre creado creador -- Dios, prueba del hombre -- El hombre, un ser para la felicidad
650 14 - ASIENTO SECUNDARIO DE MATERIA - TERMINO TEMÁTICO
Término temático o nombre geográfico como elemento de entrada HOMBRE (TEOLOGIA CRISTIANA) \ ANTROPOLOGIA TEOLOGICA
942 ## - TIPO DE MATERIAL (KOHA)
Tipo de Item KOHA Libros General
Existencias
Estado de Material Estado de Perdido Estado de Dañado No para Préstamo Colección Tomo Biblioteca de Origen Biblioteca Permanente Fecha de Adquisición Total de Préstamos Signatura Topográfica Código de Barras Última vez visto Última vez Préstado Ejemplar/Existencia Fecha de Remplazo Tipo de Material
        Colección General   Biblioteca FUSBC Biblioteca FUSBC 11/12/2013 4 G 233 G3892h 17939 19/05/2022 16/05/2022 1 26/01/2016 Libros General

Biblioteca FUSBC | Teléfono: (57+4) 349 88 10 Ext. 141| WhatsApp (+57) 3005338115 
E-mail: biblioteca@unisbc.edu.co | Calle 76 87-14 Robledo Palenque, Medellín, Colombia

Con tecnología Koha